000 00727nam a2200181Ia 4500
008 090630s9999 xx 000 0 und d
082 _b10480
100 _aडॉ. जोशी ग. ना.
245 _aकाका कालेलकरांचे जीवन चिंतन.
_cडॉ. जोशी ग. ना.
260 _bमॅजेस्टीक.
_c1991
300 _a264
600 _aडॉ. जोशी ग. ना.
630 _aकाका कालेलकरांचे जीवन चिंतन.
655 _aधार्मिक.
700 _aडॉ. जोशी ग. ना.
730 _aकाका कालेलकरांचे जीवन चिंतन.
942 _cBOOK
999 _c262336
_d262336